Score 0/26 Timer 02:00
2 Plays Today
Title Missing Word % Correct
_____ Potter and the Prisoner of Azkaban (Rowling)Harry
98.9%
To _____ a Mockingbird (Lee)Kill
98.4%
The _____ of the Rings (Tolkien)Lord
98.4%
'The Adventures of Huckleberry _____ (Twain)Finn
97.6%
_____ Twist (Dickens)Oliver
95.9%
The _____ in the Rye (Salinger)Catcher
95.5%
The _____ with the Dragon Tattoo (Larsson)Girl
95.3%
_____ Farm (Orwell)Animal
94.9%
The Da _____ Code (Brown)Vinci
94.8%
Brave _____ World (Huxley)New
94.4%
Pride and _____ (Austen)Prejudice
93.2%
_____ Copperfield (Dickens)David
92.2%
A _____ Night's Dream (Shakespeare)Midsummer
91.6%
Title Missing Word % Correct
_____ & Peace (Tolstoy)War
91%
The Autobiography of Malcolm _____ X
89.4%
_____ Eyre (Brontë)Jane
89%
_____ the Tuscan Sun (Mayes)Under
86.9%
All _____ on the Western Front (Remarque)Quiet
86.6%
The _____ Letter (Hawthorne)Scarlet
83.8%
The Kite _____ (Hosseini)Runner
79.3%
World War _____ (Brooks)Z
73.9%
Water For _____ (Gruen)Elephants
68.5%
A Passage to _____ (Forster)India
59.9%
A Connecticut _____ in King Authur's Court (Twain)Yankee
53.9%
The _____ Karamazov (Dostoevsky)Brothers
48.8%
Reading Lolita in _____ (Nafisi)Tehran
15.5%

Today's Daily Dose

Missing Word
Train Books

Word Ladder
Piano Man

Quick Pick
Google Products

Get the Picture
Moana or Coco

Remove Ads.
Support Sporcle.
Get the best of Sporcle when you Go Orange. This ad-free experience offers more features, more stats, and more fun while also helping to support Sporcle. Thank you for becoming a member.

You're not logged in!

Compare scores with friends on all Sporcle quizzes.
OR
Log In

Show Comments

Extras

Top Quizzes Today


Score Distribution

Your Account Isn't Verified!

In order to create a playlist on Sporcle, you need to verify the email address you used during registration. Go to your Sporcle Settings to finish the process.

Report this User

Report this user for behavior that violates our Community Guidelines.

Details: